Quick Pick: 'G, H' Elements Quiz Stats

 Plays Quiz Updated Mar 28, 2018

Challenge
Share
Tweet
Embed
Score 0/9 Timer 00:30
3 Plays Today
% Correct
Germanium
96.2%
Gold
96%
Helium
95.9%
Hassium
95.9%
Holmium
95.8%
Hafnium
95.7%
Gadolinium
94.3%
Gallium
91.9%
Hydrogen
90.1%

Today's Daily Dose

You're not logged in!

Compare scores with friends on all Sporcle quizzes.
Join for Free
OR
Log In

You Might Also Like...

Show Comments

Extras

Top Quizzes Today


Score Distribution

Your Account Isn't Verified!

In order to create a playlist on Sporcle, you need to verify the email address you used during registration. Go to your Sporcle Settings to finish the process.

Report this User

Report this user for behavior that violates our Community Guidelines.

Details: